000 00537nam a2200181 4500
003 SEACOMMC
005 20250205114806.0
008 250205b |||||||| |||| 00| 0 eng d
020 _a 978-81-259-4251-1
_cRs.195.00
040 _aSEACOMMC
082 _a510.02462
_bB 575
100 _a Bhui, Bikas Chandra
245 1 _aEngineering Mathematics Vol. II
_cBikas Chandra Bhui & Dipak Chatterjee
260 _a Kolkata
_b Vikas publishing house
_c 2008
440 _a Vikas-WBUT students series
650 _a Mathematics
942 _cBOOK
999 _c1050
_d1050